Derecho penal. Parte general

Saved in:
Bibliographic Details
Main Author: Mayer, Max Ernst (autor)
Format: Book
Language:Spanish
Published: Montevideo B de F 2007
Series:Maestros del Derecho Penal, 25
Subjects:
Tags: Add Tag
No Tags, Be the first to tag this record!

MARC

LEADER 00000nam a2200000 a 4500
001 UCI3355
003 CL-VaPUC
008 071026e20070000UY |||||||||||||||||spa|d
020 |a 9789974578890 
082 0 4 |a 345  |b MAY  |2 21 
100 |a Mayer, Max Ernst  |e autor  |9 598708 
245 1 0 |a Derecho penal. Parte general 
300 |a 662 p 
942 |c BK 
945 |d 20071026 00:00:00  |a rbrito 
260 |a Montevideo  |b B de F  |c 2007 
650 7 |a DERECHO PENAL  |2 CL-VaPUC  |9 11 
650 0 |a Antijuridicidad  |9 368501 
650 0 |a Derecho penal internacional  |9 371889 
650 0 |a Derecho penal militar  |9 337951 
650 0 |a Delitos  |9 224143 
650 7 |a IMPUTABILIDAD  |2 CL-VaPUC  |9 383598 
650 7 |a CAUSAS DE EXCULPACION  |2 CL-VaPUC  |9 524722 
650 7 |a PENA  |2 CL-VaPUC  |9 336490 
583 |a last modification  |c 20071026 00:00:00  |k Rodrigo Vera 
490 0 |a Maestros del Derecho Penal, 25 
999 |c 327607  |d 327605 
952 |0 0  |1 0  |4 0  |6 345_000000000000000_MAY_2007  |7 0  |8 A  |9 410625  |a BIBDER  |b BIBDER  |d 2019-11-22  |i 4389263  |l 2  |o 345 MAY 2007  |p 4389263  |r 2025-03-21  |s 2025-03-14  |w 2019-11-22  |y BK  |k DER